000 01109nam a2200337 a 4500
001 000010362
003 DO-SdBNP
005 20180213133002.0
007 000010362
008 091006s1985 dr a 000 p spa d
040 _aBPMET
_bspa
_cBPMET
092 _aRD861.44
_bG261m
100 1 _aGatón Arce, Freddy,
_d1920-
245 1 0 _aMirando el lagarto verde /
_cFreddy Gatón Arce.
260 _aSanto Domingo :
_bTaller,
_c1985.
300 _a69 p. :
_bil. ;
_c19 cm.
490 _aLa poesía sorprendida
500 _aIncluye datos biográficos del autor (p. 67-68).
650 4 _aPOESÍA DOMINICANA
650 4 _aLITERATURA DOMINICANA
830 _pLa poesía sorprendida
910 _aValidado. Control de calidad BNPHU
930 1 _lBND01
_mLF1
_hRD861.44
_820091006
_f01
_pCT
_g5487
942 _2ddc
_cBK
945 _aInventariado, 2018/ YL
956 _aNMORDAN
_b10
_c20091007
_lBND01
_h1118
956 _aDGARCIA
_b10
_c20091008
_lBND01
_h0809
956 _aMFILETO
_b10
_c20091008
_lBND01
_h1457
956 _aMMOLINA
_b40
_c20091013
_lBND01
_h0912
956 _aVMATEO
_b10
_c20150903
_lBPMSU
_h00151
999 _c7484
_d7484